1764 1576 1928 1503 1801 1214 1058 1646 1634 1929 1632 1500 1145 1842 1623 1825 1705 1590 1234 1914 1921 1741 1368 1710 1569 1473 1678 1046 1719 1661 1151 1728 1888 1490 1411 1157 1532 1311 1286 1902 1659 1055 1348 1158 1990 1408 1305 1998 1454 1315 1891 1198 1372 1322 1530 1513 1598 1524 1670 1013 1502 1800 1559 1000 1283 1879 1790 1596 1587 1820 1140 1305 1900 1686 1512 1229 1121 1821 1825 1694 1137 1282 1650 1088 1795 1353 1239 1674 1487 1710 1059 1011 1967 1862 1654 1900 1127 1719 1059 BCNSPRNW ULIB Ver.6.0+V

เปลี่ยนเป็นภาษาไทย

Change to English
 แสดงรายละเอียดบรรณานุกรม
  กลับหน้าหลัก

Brief Record : Get Marc (ISO 2709) : E-mail record : QR code < ปิดหน้าต่าง
LEADER : 00000nam 2200000uu 4500
001    13399112154
003     ULIB
008    110627s2552||||th 000 0 tha d
020    9786165020152
090    นว.^bธ524ป 2552
100 0  ธาราภัส
245 00 ประกาศิตพิศวาส/^cธาราภัส
250    พิมพ์ครั้งที่ 1
260    กรุงเทพฯ :^bSugar Beat,^c2552
300    434 หน้า
710 1  Sugar Beat
945    ^p270^l0^i026737
995    ทศพร
999 ^a ใช้งานได้ทุกระบบ
รายการนี้ยังไม่มีแท็ก
คุณยังไม่ได้ล็อกอิน คุณสามารถมีกิจกรรมร่วมกับเว็บไซต์ได้ แต่ต้องล็อกอินก่อน ::
  ล็อกอิน

รายการสื่อสารสนเทศ

ลำดับที่ ประเภท เลขเรียก/บาร์โค้ด สถานที่ สถานะ
- ไม่พบข้อมูล -

BibComment


ยังไม่เคยถูกคอมเมนท์

คอมเมนท์ทรัพยากรรายการนี้
  คอมเมนท์: ประกาศิตพิศวาส ธา..


 Copyright 2026. Bcnsprnw @Library